Städteraten - Benelux - Statistiken

Allgemein
  • Dieses Quiz wurde 70 mal gespielt
  • Das Durchschnittsergebnis liegt bei 10 aus 15
Antwortstatistiken
Hint Antwort % Korrekt
Berühmt für seine Rotlichtviertel Amsterdam / Niederlande
98%
Hauptstadt der EU Brüssel / Belgien
98%
Hauptstadt des reichsten Staates (nach BIP pro Kopf) Luxemburg / Luxemburg
98%
Größter Hafen Europas Rotterdam / Niederlande
98%
Die Hauptstadt der Diamanten Antwerpen / Belgien
86%
Sitz eines bedeutenden Gerichts Den Haag / Niederlande
84%
Zweitgrößte Stadt Belgiens Gent / Belgien
73%
Es gibt einen gleichnamigen Käse Gouda / Niederlande
70%
Universitätsstadt an der Maas Maastricht / Niederlande
68%
Angeblich schönste Stadt Belgiens Brügge / Belgien
66%
Geburtsstadt von Papst Hadrian VI Utrecht / Niederlande
55%
Drittgrößter Binnenhafen Europas Lüttich / Belgien
45%
Beherbergt das größte ägyptische Museum der Niederlande Leiden / Niederlande
25%
Universitätsstadt östlich von Brüssel Löwen / Belgien
21%
Westfriesische Metropole und ehemalige Kulturhauptstadt Europas Leeuwarden / Niederlande
14%
Keine übereinstimmenden Quizze gefunden
Verteilung der Resultate
Anzahl Personen mit jedem Resultat
Perzentil nach korrekt beantworteten Fragen
Ihre Resultats-Entwicklung
Sie haben dieses Quiz noch nicht gespielt